A la sombra de la diplomacia : actores informales en las relaciones internacionales de México, siglos XIX y XX /

Shranjeno v:
Bibliografske podrobnosti
Glavni avtor: Suárez Argüello, Ana Rosa (coordinación)
Drugi avtorji: Sánchez Andrés, Agustín (coordinación) (coordinación)
Format: Knjiga
Jezik:španščina
Izdano: Morelia, México : México : Universidad Michoacana de San Nicolás de Hidalgo, Instituto de Investigaciones Históricas ; Instituto Mora, 2017, c2017
Teme:
Oznake: Označite
Brez oznak, prvi označite!

MARC

LEADER 00000nam^a2200000^a^4500
001 000399584
005 20250521000000.0
009 20260310121555.934
020 |a 978-607-8116-73-7 
020 |a 978-607-9475-52-9 
037 |a Acervo ITESO - Biblioteca 
041 |a ESP 
082 |a 327. 72  |b SUA 
100 |a Suárez Argüello, Ana Rosa  |e (coordinación) 
245 1 0 |a A la sombra de la diplomacia :  |b actores informales en las relaciones internacionales de México, siglos XIX y XX /  |c Coord. de A.R. Suárez Argüello, A. Sánchez Andrés. 
264 4 |a Morelia, México :  |b Universidad Michoacana de San Nicolás de Hidalgo, Instituto de Investigaciones Históricas ;  |a México :  |b Instituto Mora,  |c 2017, c2017 
300 |a 581 p. 
336 |a texto  |b txt  |2 rdacontenido 
337 |a sin mediación  |b n  |2 rdamedio 
338 |a volumen  |b nc  |2 rdasoporte 
521 |a FIL 2017 EEnlace Departamento de Estudios Sociopolíticos y Jurídicos 
649 |a XX 
650 |a Diplomacia -  |z México -  |x Historia -  |y Siglo XIX -  |x Tema Principal 
650 |a Diplomacia -  |z México -  |x Historia -  |y Siglo XX -  |x Tema Principal 
650 |a Diplomacia -  |z México -  |x Historia -  |x Tema Principal 
650 |a Relaciones Internacionales -  |z México-España -  |x Historia 
650 |a Relaciones Internacionales -  |z México-EUA -  |x Historia 
650 |a Política Internacional -  |z México -  |x Historia -  |y Siglo XIX 
650 |a Política Internacional -  |z México -  |x Historia -  |y Siglo XX 
650 |a Política Internacional -  |z México -  |x Historia 
700 |a Sánchez Andrés, Agustín  |e (coordinación) 
910 |a Fondo General 
920 |a Impresos - Libros 
930 |a Colección General 
905 |a 101 
901 |a 0500294599  |b IT1  |c ACC  |i c157917  |u 20250521 
902 |a https://opac.biblio.iteso.mx/vufind/Record/000399584